000 01426nam a22003737a 4500
001 0006507
003 KOHA_MİRAKIL
005 20260207001524.0
007 ta
008 090720b2008 tu |||gr||||#0|||1|tur |
020 _a9789754373394
040 _aTR-BiSEU
_btur
_cTR-BiSEU
_erda
041 0 _atur
044 _ctu
050 _aPL248.C65
_bD45 2000
100 1 _aÇokum, Sevinç.
245 1 _aDeli zamanlar/
_cSevinç Çokum ; Sevinç Çokum.
264 1 _aİstanbul :
_bÖtüken
_c2008
300 _a203 sayfa ;
_c21 cm.
336 _ametin
_btxt
_2rdacontent
337 _aaracısız
_bn
_2rdamedia
338 _acilt
_bnc
_2rdacarrier
490 1 _aYayın ;
_vNu.
490 1 _a467.
490 1 _aEdebi Eserler ;
_v223.
505 _aKaranlığa Direnen Yıldız'dan sonrasıdır. Yeni yetme bir genç kız ve onun teleskopundaki en parlak gezegen Aypare... Aypare Türk kadınının geldiği, vardığı, parladığı, söndüğü noktaları çok iyi kavramış, aydın olmanın yalnızlığını tatmış bir öncüdür. Atağa kalkar, düşmanlıklara toslar, kırılır, yeniden bütünlenir. Tutkular, kendini aşma çabası ve iç çatışmalar...
650 0 _aTürk edebiyatı--roman.
_97421
650 0 _aTurkish literature--fiction.
_97422
830 1 _aYayın ;
_vNu.
_91557
830 1 _a467.
_916043
830 1 _aEdebi Eserler ;
_v223.
_915677
907 _aRoman
942 _2lcc
_cBK
999 _c6488
_d6488